Teoría de los objetos

Shranjeno v:
Bibliografske podrobnosti
Glavni avtor: Moles, Abraham A. (autor)
Format: Knjiga
Jezik:španščina
Izdano: Barcelona Gustavo Gili 1975
Serija:Colección Comunicación Visual
Teme:
Oznake: Označite
Brez oznak, prvi označite!

MARC

LEADER 00000nam a2200000 a 4500
001 UCO4754
003 CL-VaPUC
008 000811e19750000SP |||||||||||||||||spa|d
082 0 4 |a 302.222  |b MOL  |2 21 
100 |a Moles, Abraham A.  |e autor  |9 449377 
245 1 0 |a Teoría de los objetos 
300 |a 191 p 
942 |c BK 
945 |d 20000811 00:00:00  |a crobeson 
260 |a Barcelona  |b Gustavo Gili  |c 1975 
650 7 |a OBJETOS  |2 CL-VaPUC  |9 394667 
650 0 |a Comunicación visual   |9 265349 
650 0 |a Taxonomia  |9 341054 
650 0 |a Estructuras  |9 271908 
650 7 |a SOCIEDAD TECNOLOGICA  |2 CL-VaPUC  |9 401896 
583 |a last modification  |c 20171130 17:22:51  |k Rodrigo Vera 
490 0 |a Colección Comunicación Visual 
999 |c 290751  |d 290749 
952 |0 0  |1 0  |4 0  |6 302_222000000000000_MOL_1975  |7 0  |8 A  |9 340318  |a BIBEDU  |b BIBEDU  |d 2019-11-20  |i 474022K  |o 302.222 MOL 1975  |p 474022K  |r 2019-11-20  |w 2019-11-20  |y BK  |k FIL